<?xml version="1.0" encoding="UTF-8"?>
<record
    xmlns:xsi="http://www.w3.org/2001/XMLSchema-instance"
    xsi:schemaLocation="http://www.loc.gov/MARC21/slim http://www.loc.gov/standards/marcxml/schema/MARC21slim.xsd"
    xmlns="http://www.loc.gov/MARC21/slim">

  <leader>02114cam a2200373Ia 4500</leader>
  <controlfield tag="001">10126838</controlfield>
  <controlfield tag="005">20220326193336.0</controlfield>
  <controlfield tag="008">120823s2012    enka     b    001 0 eng d</controlfield>
  <datafield tag="020" ind1=" " ind2=" ">
    <subfield code="a">9783863351021</subfield>
  </datafield>
  <datafield tag="020" ind1=" " ind2=" ">
    <subfield code="a">3863351029</subfield>
  </datafield>
  <datafield tag="020" ind1=" " ind2=" ">
    <subfield code="a">184638088X</subfield>
  </datafield>
  <datafield tag="020" ind1=" " ind2=" ">
    <subfield code="a">9781846380884</subfield>
  </datafield>
  <datafield tag="024" ind1=" " ind2=" ">
    <subfield code="a">99951714457</subfield>
  </datafield>
  <datafield tag="035" ind1=" " ind2=" ">
    <subfield code="a">(OCoLC)ocn808017281</subfield>
  </datafield>
  <datafield tag="035" ind1=" " ind2=" ">
    <subfield code="a">(OCoLC)808017281</subfield>
    <subfield code="z">(OCoLC)769430357</subfield>
    <subfield code="z">(OCoLC)798796945</subfield>
  </datafield>
  <datafield tag="035" ind1=" " ind2=" ">
    <subfield code="a">(NNC)10126838</subfield>
  </datafield>
  <datafield tag="040" ind1=" " ind2=" ">
    <subfield code="a">MDY</subfield>
    <subfield code="c">MDY</subfield>
    <subfield code="d">YDXCP</subfield>
    <subfield code="d">VP@</subfield>
    <subfield code="d">BTCTA</subfield>
    <subfield code="d">CIA</subfield>
    <subfield code="d">OCLCO</subfield>
    <subfield code="d">BWX</subfield>
    <subfield code="d">U3G</subfield>
    <subfield code="d">NhCcYBP</subfield>
  </datafield>
  <datafield tag="082" ind1="0" ind2="4">
    <subfield code="a">700.452.1</subfield>
    <subfield code="b">B985f</subfield>
  </datafield>
  <datafield tag="100" ind1=" " ind2=" ">
    <subfield code="a">Cornelia Butler ... [et al.]</subfield>
    <subfield code="9">4106</subfield>
  </datafield>
  <datafield tag="245" ind1="0" ind2="0">
    <subfield code="a">From conceptualism to feminism :</subfield>
    <subfield code="b">Lucy Lippard's Numbers shows, 1969-74 /</subfield>
    <subfield code="c">Cornelia Butler ... [et al.]</subfield>
  </datafield>
  <datafield tag="246" ind1="3" ind2="0">
    <subfield code="a">Lucy Lippard's Numbers shows, 1969-74</subfield>
  </datafield>
  <datafield tag="260" ind1=" " ind2=" ">
    <subfield code="a">London :</subfield>
    <subfield code="b">Afterall Books ;</subfield>
    <subfield code="a">New York :</subfield>
    <subfield code="b">Distribution outside Europe D.A.P.,</subfield>
    <subfield code="c">c2012.</subfield>
  </datafield>
  <datafield tag="300" ind1=" " ind2=" ">
    <subfield code="a">304 p. :</subfield>
    <subfield code="b">ill. (some col.) ;</subfield>
    <subfield code="c">22 cm.</subfield>
  </datafield>
  <datafield tag="490" ind1="1" ind2=" ">
    <subfield code="a">Exhibition histories</subfield>
  </datafield>
  <datafield tag="504" ind1=" " ind2=" ">
    <subfield code="a">Includes bibliographical references (p. 294-297) and index.</subfield>
  </datafield>
  <datafield tag="505" ind1="0" ind2=" ">
    <subfield code="a">Introduction: From conceptualism to feminism / Sabeth Buchmann -- Women, concept, art: Lucy R. Lippard's Number shows / Cornelia Butler -- Lucy R. Lippard in correspondence with Antony Hudek -- Locating '2,972,453': Lucy R. Lippard in Argentina / Pip Day -- '557,087' Seattle -- '955,000' Vancouver -- '557,087'/'955,000' catalogue -- '2,972,453' Buenos Aires -- 'c.7,500' Valencia, California and touring -- 557,087: Seattle / Peter Plagens -- 26 conceptual artists in London / Caroline Tisdall -- A response to '26 conceptual artists in London' / Griselda Pollock -- Seth Siegelaub in conversation with Jo Melvin -- Interviews with exhibiting artists by Alexandra Schwartz: Eleanor Antin email excerpt ; Agnes Denes in conversation ; Alice Aycock in conversation ; Mierle Laderman Ukeles in conversation.</subfield>
  </datafield>
  <datafield tag="600" ind1="1" ind2="0">
    <subfield code="a">Lippard, Lucy R.</subfield>
    <subfield code="9">1349</subfield>
  </datafield>
  <datafield tag="650" ind1=" " ind2="0">
    <subfield code="a">Feminism and art.</subfield>
    <subfield code="9">4107</subfield>
  </datafield>
  <datafield tag="650" ind1=" " ind2="0">
    <subfield code="a">Conceptual art.</subfield>
    <subfield code="9">2</subfield>
  </datafield>
  <datafield tag="700" ind1="1" ind2=" ">
    <subfield code="a">Butler, Cornelia H.</subfield>
    <subfield code="9">4108</subfield>
  </datafield>
  <datafield tag="830" ind1=" " ind2="0">
    <subfield code="a">Exhibition histories.</subfield>
    <subfield code="9">4101</subfield>
  </datafield>
  <datafield tag="948" ind1="1" ind2=" ">
    <subfield code="a">20130207</subfield>
    <subfield code="b">c</subfield>
    <subfield code="c">fra1</subfield>
    <subfield code="d">OSMC</subfield>
  </datafield>
  <datafield tag="999" ind1=" " ind2=" ">
    <subfield code="c">768</subfield>
    <subfield code="d">768</subfield>
  </datafield>
  <datafield tag="952" ind1=" " ind2=" ">
    <subfield code="0">0</subfield>
    <subfield code="1">0</subfield>
    <subfield code="2">ddc</subfield>
    <subfield code="4">0</subfield>
    <subfield code="7">0</subfield>
    <subfield code="a">LV</subfield>
    <subfield code="b">LV</subfield>
    <subfield code="c">Pensamiento</subfield>
    <subfield code="d">2015-10-30</subfield>
    <subfield code="l">0</subfield>
    <subfield code="o">700.452.1 B985f</subfield>
    <subfield code="p">004126</subfield>
    <subfield code="r">2015-10-30 00:00:00</subfield>
    <subfield code="w">2015-10-30</subfield>
    <subfield code="y">01</subfield>
  </datafield>
</record>
